000 01043nam a2200241 i 4500
001 147788
003 ES-MaACL
005 20250902110639.0
007 t|
008 071005s1965 sp ||||1| spa d
110 2 _aSociedad Bilbaína.
_bBiblioteca
_9162886
245 1 0 _aCatálogo de la sección vascongada de autores :
_bcomplementado con el de revistas y periódicos, y un índice diccionario /
_crealizado bajo la dirección de Juan Ramón de Urquijo y Olano ; redactado por Jesús Ugalde Fernández.
260 _aBilbao :
_b[Editorial Bilbaína],
_c1965.
300 _a2 v. ;
_c23 cm.
500 _aPrecede al tít.: Biblioteca de la Sociedad Bilbaína.
505 8 _aT. 1. A-K (XI p., 726 p.) -- T. 2. L-Z (729 p.)
610 2 7 _aSociedad Bilbaína.
_bBiblioteca-
_vCatálogos
_2
_9162887
651 4 _aPaís Vasco-
_vBibliografías
_99147
700 1 _aUgalde Fernández, Jesús.
_9111886
700 1 _aUrquijo y Olano, Juan Ramón de.
_9112213
852 _aES-MaACL
_jC-30163-4
_bR.61904
999 _c147788
_d147788